3406-岡山市中区(岡山県)の駅 - Statistics

General Stats
  • This quiz has been taken 3 times
  • The average score is 5 of 7
Answer Stats
Answer % Correct
東岡山
100%
高島
100%
西川原
100%
小橋
67%
中納言
67%
門田屋敷
67%
東山・おかでんミュージアム駅
33%
No matching quizzes found
Score Distribution
Percent of People with Each Score
Percentile by Number Answered
Your Score History
You have not taken this quiz